| 000 | | | 03808nmc2a22002413x 450 |
| 001 | | | 82081d1e-7300-4d21-9a55-df3dcacb28d0 |
| 005 | | | 20260203003609.0 |
| 100 | ## | $a | 20250722l18301830k l0rusy0189 ca |
| 101 | 0# | $a | rus |
| 102 | ## | $a | RU |
| 105 | ## | $a | y### |
| 122 | 2# | $a | d |
| 200 | 1# | $a | Дело по циркулярному предписанию от господина директора Департамента к господам попечителям учебных округов и гражданским губернаторам, чтобы в месячных ведомостях было показываемо различие сумм каждого учебного заведения, также и капитал, обращающийся в процентах |
| | $j | 9 января - 17 февраля 1830 г. |
| 215 | ## | $a | 7 л. |
| | $d | 36,5х26 см |
| 251 | ## | $c | Дело |
| 300 | ## | $a | Дело |
| 371 | ## | $a | Документ не является опубликованным и широко распространяемым |
| 461 | #0 | $1 | 001a74412a3-3cc5-4d21-8f0a-dfe2fbd9e72d |
| | $1 | 2001 |
| | $a | Департамент народного просвещения Министерства народного просвещения (1803-1917) |
| | $1 | 251 |
| | $c | Фонд |
| | $1 | 852 |
| | $j | 733 |
| 462 | #0 | $1 | 001ccc93d8c-a161-4593-b7db-1a3e4c2bc189 |
| | $1 | 2001 |
| | $a | Дела счетного отделения Департамента народного просвещения за 1819-1838 годы |
| | $1 | 251 |
| | $c | Опись |
| | $1 | 852 |
| | $j | 111 |
| 801 | #0 | $a | RU |
| | $b | РГИА |
| | $c | 20250722 |
| | $g | RCR |
| 801 | #1 | $a | RU |
| | $b | ГлавНИВЦ |
| | $c | 20250722 |
| | $2 | rusmarc |
| 801 | #2 | $a | RU |
| | $b | ПБ им. Б.Н. Ельцина |
| | $c | 20260203 |
| | $g | RCR |
| | $2 | rusmarc |
| 850 | ## | $a | РГИА |
| 852 | ## | $a | РГИА |
| | $e | Федеральное казенное учреждение "Российский государственный исторический архив" (РГИА) |
| | $j | 545 |
| 937 | ## | $h | РГИА |
| | $d | 12094985 |
| | $a | ASBIBLIO_SCAN |
| 035 | ## | $a | RusGRCC00088817 |
| 856 | ## | $u | http://readingroom.main.prlib.ru/item.aspx?id_node=n200338071&mode=full |